[Event "Reykjavik Open 2010"]
[Site "Reykjavik City Hall"]
[Date "2010.02.27"]
[Round "4.46"]
[White "Benediktsson, Frimann"]
[Black "Helgadottir, Sigridur Bjorg"]
[Result "1-0"]
[WhiteElo "1930"]
[BlackElo "1725"]
[PlyCount "55"]
[EventDate "2010.02.24"]

1. d4 Nf6 2. Nf3 g6 3. g3 Bg7 4. Bg2 O-O 5. O-O d5 6. c4 e6 7. Nc3 Nbd7 8. Qd3
b6 9. cxd5 exd5 10. b4 Qe7 11. a4 Re8 12. b5 h6 13. a5 Rb8 14. Bf4 Nf8 15. Ne5
Bb7 16. axb6 axb6 17. Ra7 Qe6 18. Nc6 Bxc6 19. bxc6 Qxc6 20. Rxc7 Qe6 21. Qb5
Rbd8 22. Rc6 Qf5 23. Rxb6 Ne6 24. e3 g5 25. Bd6 Bf8 26. Bxf8 Rxf8 27. e4 Qg6
28. Nxd5 1-0

[Event "Reykjavik Open 2010"]
[Site "Reykjavik City Hall"]
[Date "2010.02.27"]
[Round "4.47"]
[White "Gardarsson, Hordur"]
[Black "Andrason, Pall"]
[Result "1-0"]
[WhiteElo "1888"]
[BlackElo "1587"]
[PlyCount "157"]
[EventDate "2010.02.24"]

1. d4 d5 2. c4 e6 3. Nf3 Nf6 4. Nc3 c6 5. Bg5 Nbd7 6. cxd5 exd5 7. e3 Qb6 8.
Qc2 g6 9. Bd3 Bg7 10. O-O O-O 11. a3 Re8 12. b4 h6 13. Bh4 a6 14. Rab1 Nh5 15.
a4 g5 16. Bg3 Nxg3 17. hxg3 Nf6 18. b5 axb5 19. axb5 Qa5 20. bxc6 bxc6 21. Ne5
Bd7 22. Ne2 Rec8 23. Bh7+ Nxh7 24. Nxd7 Nf8 25. Nc5 Ne6 26. Nxe6 fxe6 27. Qg6
Qc7 28. Qxe6+ Qf7 29. Qxf7+ Kxf7 30. g4 Ke6 31. Rfc1 Kd6 32. Ng3 Bf8 33. Nf5+
Kd7 34. Rb7+ Rc7 35. Rxc7+ Kxc7 36. Kh2 Bd6+ 37. g3 Bf8 38. Kg2 Ra2 39. Rh1 c5
40. dxc5 Kc6 41. Nxh6 Bxc5 42. Nf5 Ra4 43. Rh5 Rxg4 44. Kf3 Ra4 45. Rxg5 Ra2
46. Rg7 Bb4 47. Nd4+ Kb6 48. Kg2 Bd2 49. Re7 Be1 50. Rf7 Bd2 51. Rf3 Bc3 52.
Nf5 Rd2 53. g4 d4 54. Nxd4 Bxd4 55. exd4 Rxd4 56. Kg3 Kc6 57. g5 Kd6 58. Rf4
Rd1 59. Kg4 Ke6 60. Rf6+ Ke7 61. f4 Rg1+ 62. Kf5 Ra1 63. Rb6 Kf7 64. Rb7+ Kf8
65. g6 Ra6 66. Kg5 Kg8 67. f5 Ra8 68. f6 Rf8 69. Rg7+ Kh8 70. Rh7+ Kg8 71. f7+
Rxf7 72. gxf7+ Kxh7 73. Kf6 Kh6 74. f8=Q+ Kh5 75. Qg8 Kh4 76. Kf5 Kh3 77. Kf4
Kh2 78. Kf3 Kh1 79. Qg2# 1-0

[Event "Reykjavik Open 2010"]
[Site "Reykjavik City Hall"]
[Date "2010.02.27"]
[Round "4.48"]
[White "Brynjarsson, Eirikur Orn"]
[Black "Leifsson, Thorsteinn"]
[Result "1-0"]
[WhiteElo "1653"]
[BlackElo "1821"]
[PlyCount "65"]
[EventDate "2010.02.24"]

1. e4 c6 2. d4 d5 3. exd5 cxd5 4. Nc3 Nf6 5. Bf4 e6 6. Nf3 Bb4 7. Bd3 O-O 8.
O-O a6 9. Be5 Nc6 10. Ng5 h6 11. Bxf6 gxf6 12. Nh7 f5 13. Nxf8 Qxf8 14. Ne2 Bd7
15. c3 Bd6 16. f4 Ne7 17. Ng3 Ng6 18. Nh5 Qe7 19. Rf3 Kh7 20. Qe1 Rg8 21. Rg3
Nxf4 22. Nxf4 Bxf4 23. Bxf5+ Kh8 24. Rxg8+ Kxg8 25. Bd3 Qg5 26. Qe2 f6 27. Rf1
e5 28. dxe5 fxe5 29. Qf3 Be6 30. Kh1 Qd8 31. Qh5 Qe7 32. Qg6+ Kh8 33. g3 1-0

[Event "Reykjavik Open 2010"]
[Site "Reykjavik City Hall"]
[Date "2010.02.27"]
[Round "4.49"]
[White "Sverrisson, Nokkvi"]
[Black "Kjartansson, Dagur"]
[Result "1/2-1/2"]
[WhiteElo "1784"]
[BlackElo "1485"]
[PlyCount "151"]
[EventDate "2010.02.24"]

1. e4 c5 2. Nf3 Nc6 3. d4 cxd4 4. Nxd4 Nf6 5. Nc3 e5 6. Ndb5 d6 7. Bg5 a6 8.
Na3 Be7 9. Bxf6 Bxf6 10. Nc4 Nd4 11. Nd5 b5 12. Ncb6 Rb8 13. Nxc8 Rxc8 14. c3
Nc6 15. Be2 O-O 16. Bg4 Rb8 17. b4 Bg5 18. O-O Ne7 19. a4 Nxd5 20. Qxd5 Qc7 21.
axb5 axb5 22. Qd3 Rb6 23. g3 g6 24. Rfd1 Rfb8 25. Ra5 Qc6 26. Rda1 Kg7 27. h4
Bd8 28. h5 Bg5 29. Kf1 R8b7 30. Ke2 Rc7 31. R5a3 Rb8 32. hxg6 hxg6 33. Rd1 Rd8
34. Qd5 Qb6 35. Rd3 Rc4 36. Ra5 Rb8 37. Bd7 Qc7 38. Qxd6 Qxd6 39. Rxd6 Be7 40.
Rd3 Rxe4+ 41. Re3 Rc4 42. Rxb5 Rd8 43. Bh3 f5 44. Rb7 Kf6 45. Rb6+ Rd6 46.
Rxd6+ Bxd6 47. Rd3 Ke6 48. Kd2 e4 49. Re3 Kd5 50. Bf1 Rc6 51. c4+ Kd4 52. c5
Bxc5 53. bxc5 Rxc5 54. Ra3 g5 55. Bg2 Rb5 56. Ra4+ Ke5 57. Rc4 Ra5 58. Rc8 Ra2+
59. Rc2 Ra5 60. Kc3 Ra8 61. Bf1 f4 62. g4 f3 63. Bb5 Kf4 64. Bd7 Ra7 65. Bf5 e3
66. fxe3+ Kxe3 67. Rh2 Re7 68. Kb2 f2 69. Rh3+ Kd2 70. Rd3+ Ke2 71. Rd5 Ke3 72.
Rd3+ Kf4 73. Rd4+ Kg3 74. Rd3+ Kg2 75. Rd2 Kg1 76. Bd3 1/2-1/2

[Event "Reykjavik Open 2010"]
[Site "Reykjavik City Hall"]
[Date "2010.02.27"]
[Round "4.50"]
[White "Johannsdottir, Johanna Bjorg"]
[Black "Botheim, Tor"]
[Result "1-0"]
[WhiteElo "1705"]
[BlackElo "1944"]
[PlyCount "91"]
[EventDate "2010.02.24"]

1. e4 e5 2. Nf3 Nc6 3. Bc4 Bc5 4. c3 Nf6 5. d4 exd4 6. e5 Qe7 7. O-O Ng8 8. Bg5
Qf8 9. cxd4 Be7 10. Bf4 b6 11. d5 Na5 12. Bb5 a6 13. Ba4 b5 14. Bc2 d6 15. Re1
Nc4 16. b3 Nxe5 17. Bxe5 dxe5 18. Nxe5 Bb7 19. Qg4 Nf6 20. Qh3 Bxd5 21. Nc3 Be6
22. Qf3 Rd8 23. Qc6+ Nd7 24. Qxa6 Nxe5 25. Rxe5 Bf6 26. Qxb5+ Rd7 27. Re3 Qe7
28. Nd5 Qd8 29. Rd1 Bg5 30. f4 O-O 31. fxg5 Bxd5 32. Qe2 c6 33. Bxh7+ Kh8 34.
Rh3 Re8 35. Bf5+ Kg8 36. Qh5 Qb6+ 37. Kh1 Kf8 38. Bxd7 Re5 39. Qh8+ Ke7 40.
Qxg7 Re2 41. Qf6+ Kxd7 42. Rxd5+ Kc8 43. Rh8+ Kb7 44. Qxf7+ Qc7 45. Qxc7+ Kxc7
46. Rd1 1-0

[Event "Reykjavik Open 2010"]
[Site "Reykjavik City Hall"]
[Date "2010.02.27"]
[Round "4.52"]
[White "Lee, Gudmundur Kristinn"]
[Black "Karlsson, Mikael Johann"]
[Result "0-1"]
[WhiteElo "1534"]
[BlackElo "1714"]
[PlyCount "142"]
[EventDate "2010.02.24"]

1. e4 c5 2. Nf3 Nc6 3. d4 cxd4 4. Nxd4 Qb6 5. Nb3 Nf6 6. Nc3 e6 7. Be3 Qc7 8.
a3 a6 9. g3 Be7 10. Bg2 O-O 11. O-O d6 12. Qe2 b5 13. Rad1 Bb7 14. Rd2 Ne5 15.
Rb1 Nc4 16. Rd3 Rac8 17. f4 Nd7 18. Nd2 Nxe3 19. Rxe3 d5 20. Nb3 Nc5 21. Nd4
dxe4 22. b4 Nd7 23. Bxe4 Nf6 24. Bxb7 Qxb7 25. Rd3 Qb6 26. Kf1 Rxc3 27. Rxc3
Qxd4 28. Rd3 Qe4 29. Qxe4 Nxe4 30. Re1 Nd6 31. g4 Nc4 32. Re4 g6 33. g5 Re8 34.
h4 Rd8 35. Rxd8+ Bxd8 36. Rd4 Bc7 37. a4 Ne3+ 38. Ke2 Nxc2 39. Rd7 Bxf4 40.
axb5 axb5 41. Kf3 e5 42. Rb7 Nxb4 43. Rxb5 Nc6 44. Rc5 Nd4+ 45. Kg4 Ne6 46.
Rc8+ Kg7 47. Ra8 h6 48. gxh6+ Bxh6 49. Ra5 f5+ 50. Kh3 Kf6 51. Ra6 e4 52. Kg2
Bd2 53. Kf2 e3+ 54. Ke2 Ke5 55. Ra4 f4 56. Rc4 Nd4+ 57. Kd3 Nf5 58. Re4+ Kf6
59. Rxf4 Be1 60. h5 Bg3 61. Rf3 gxh5 62. Rf1 Bf2 63. Rxf2 exf2 64. Ke2 Kg5 65.
Kxf2 Kg4 66. Kg2 h4 67. Kh2 h3 68. Kh1 Kg3 69. Kg1 Nd6 70. Kh1 Ne4 71. Kg1 h2+
0-1

[Event "Reykjavik Open 2010"]
[Site "Reykjavik City Hall"]
[Date "2010.02.27"]
[Round "5.1"]
[White "Baklan, Vladimir"]
[Black "Bromann, Thorbjorn"]
[Result "1-0"]
[WhiteElo "2654"]
[BlackElo "2434"]
[PlyCount "99"]
[EventDate "2010.02.24"]

1. e4 e6 2. d4 d5 3. Nc3 Nf6 4. Bg5 Bb4 5. e5 h6 6. Bc1 Ne4 7. Qg4 g6 8. Nge2
c5 9. a3 Ba5 10. b4 Nxc3 11. Nxc3 cxd4 12. Nb5 Bc7 13. f4 Nc6 14. Bd3 a6 15.
Nxc7+ Qxc7 16. O-O Bd7 17. Qh4 Qd8 18. Qf2 h5 19. Bd2 Qb6 20. Rfb1 Ne7 21. Bc3
Bb5 22. Bxd4 Qc7 23. a4 Bxd3 24. cxd3 O-O 25. h3 Kg7 26. Bc5 Rh8 27. Qh4 Ng8
28. Rc1 Qd8 29. Qxd8 Rxd8 30. b5 axb5 31. axb5 Rd7 32. Ra8 Nh6 33. Rxh8 Kxh8
34. Bf8 Nf5 35. Rc8 Kh7 36. b6 g5 37. fxg5 Kg6 38. Bc5 d4 39. Kf2 Rd5 40. g4
hxg4 41. hxg4 Ne3 42. Kf3 Nd1 43. Be7 Rxe5 44. Bf6 Re3+ 45. Kg2 Re2+ 46. Kg3
Re3+ 47. Kh4 Nf2 48. Rg8+ Kh7 49. Rh8+ Kg6 50. Rh6# 1-0

[Event "Reykjavik Open 2010"]
[Site "Reykjavik City Hall"]
[Date "2010.02.27"]
[Round "5.2"]
[White "Stefansson, Hannes"]
[Black "Danielsen, Henrik"]
[Result "1/2-1/2"]
[WhiteElo "2574"]
[BlackElo "2495"]
[PlyCount "101"]
[EventDate "2010.02.24"]

1. e4 d6 2. d4 Nf6 3. Nc3 g6 4. f4 Bg7 5. Nf3 O-O 6. Bd3 Nc6 7. e5 dxe5 8. dxe5
Nd5 9. Bd2 Ncb4 10. Be4 c6 11. Nxd5 Nxd5 12. c4 Nc7 13. Bb4 Qxd1+ 14. Rxd1 Re8
15. O-O f5 16. Bc2 Ne6 17. g3 a5 18. Bd2 a4 19. Be3 c5 20. Nd2 b6 21. Nb1 Bb7
22. Nc3 Bc6 23. Rd2 Kf7 24. h3 h5 25. Nd5 Rab8 26. g4 hxg4 27. hxg4 Rg8 28.
gxf5 gxf5 29. Kf2 Nd4 30. Bxd4 cxd4 31. Rxd4 e6 32. Nb4 Be8 33. Bd1 Bf8 34. Na6
Bc5 35. Nxc5 bxc5 36. Rd2 Bc6 37. Bf3 Bxf3 38. Kxf3 Rgd8 39. Rfd1 Rxd2 40. Rxd2
Rb4 41. Rc2 Rb8 42. Rh2 Rb4 43. Rh7+ Ke8 44. Ra7 Rxc4 45. Kg3 Rb4 46. Kh4 Rxf4+
47. Kg5 Rb4 48. Kf6 f4 49. Kxe6 Rb6+ 50. Kd5 f3 51. Ra8+ 1/2-1/2

[Event "Reykjavik Open 2010"]
[Site "Reykjavik City Hall"]
[Date "2010.02.27"]
[Round "5.3"]
[White "Nataf, Igor-Alexandre"]
[Black "Harika, Dronavalli"]
[Result "1/2-1/2"]
[WhiteElo "2534"]
[BlackElo "2471"]
[PlyCount "49"]
[EventDate "2010.02.24"]

1. e4 e5 2. Nf3 Nc6 3. d4 exd4 4. Nxd4 Nf6 5. Nxc6 bxc6 6. e5 Qe7 7. Qe2 Nd5 8.
c4 Nb6 9. Nc3 Qe6 10. Qe4 g6 11. f4 d5 12. Qc2 Bb4 13. a3 Bxc3+ 14. Qxc3 dxc4
15. Be2 O-O 16. O-O f6 17. Be3 Nd5 18. Bxc4 Nxc3 19. Bxe6+ Bxe6 20. bxc3 fxe5
21. fxe5 Rf5 22. Rxf5 Bxf5 23. Rf1 h5 24. h3 Re8 25. Bxa7 1/2-1/2

[Event "Reykjavik Open 2010"]
[Site "Reykjavik City Hall"]
[Date "2010.02.27"]
[Round "5.6"]
[White "Ivanov, Mikhail M"]
[Black "Kuzubov, Yuriy"]
[Result "0-1"]
[WhiteElo "2465"]
[BlackElo "2634"]
[PlyCount "78"]
[EventDate "2010.02.24"]

1. d4 Nf6 2. c4 e6 3. g3 c5 4. d5 d6 5. Nc3 exd5 6. cxd5 g6 7. Bg2 Bg7 8. Nf3
O-O 9. O-O Re8 10. Re1 a6 11. e4 Bg4 12. Bf4 Nh5 13. Bd2 Nd7 14. h3 Bxf3 15.
Bxf3 Nhf6 16. a4 c4 17. b4 cxb3 18. Qxb3 Nc5 19. Qb1 Rb8 20. Ra3 Nfd7 21. Kg2
Qe7 22. Na2 b5 23. axb5 Rxb5 24. Nb4 Qf6 25. Qc1 a5 26. Bc3 Qxc3 27. Rxc3 Bxc3
28. Qxc3 axb4 29. Qc4 Rb6 30. Rb1 b3 31. Qd4 Reb8 32. Bg4 Rb4 33. Qc3 Ne5 34.
f4 Rc4 35. Qa5 Rc2+ 36. Kg1 Nxg4 37. Qc7 Rf8 38. Qxd6 b2 39. Rxb2 Rxb2 0-1

[Event "Reykjavik Open 2010"]
[Site "Reykjavik City Hall"]
[Date "2010.02.27"]
[Round "5.9"]
[White "Cori T, Deysi"]
[Black "Miezis, Normunds"]
[Result "0-1"]
[WhiteElo "2412"]
[BlackElo "2533"]
[PlyCount "88"]
[EventDate "2010.02.24"]

1. d4 Nf6 2. Nf3 e6 3. c4 c5 4. d5 exd5 5. cxd5 Bd6 6. Nc3 Bc7 7. g4 Ba5 8. g5
Ne4 9. Qc2 Qe7 10. Bh3 Na6 11. O-O Bxc3 12. bxc3 d6 13. Bxc8 Rxc8 14. Kh1 O-O
15. Nh4 f6 16. g6 f5 17. gxh7+ Kxh7 18. Ng2 Qe5 19. f3 Qxc3 20. Qb1 Nd2 21.
Bxd2 Qxd2 22. Qxb7 Nb4 23. Rad1 Qh6 24. Rg1 Rb8 25. Qxa7 Ra8 26. Qd7 Rad8 27.
Qc7 Rc8 28. Qb7 Rb8 29. Qd7 Rbd8 30. Qb5 Ra8 31. a4 f4 32. Qd7 Rad8 33. Qc7 Rc8
34. Qb7 Rb8 35. Qd7 Rbd8 36. Qg4 Rde8 37. Nh4 Rxe2 38. Qd7 Qf6 39. Qh3 g5 40.
Rg4 Qh6 41. Rdg1 Nd3 42. R4g2 Nf2+ 43. Rxf2 Rxf2 44. Qd7+ Kh8 0-1

[Event "Reykjavik Open 2010"]
[Site "Reykjavik City Hall"]
[Date "2010.02.27"]
[Round "5.10"]
[White "Karavade, Eesha"]
[Black "Kogan, Artur"]
[Result "1-0"]
[WhiteElo "2405"]
[BlackElo "2524"]
[PlyCount "103"]
[EventDate "2010.02.24"]

1. d4 Nf6 2. c4 c5 3. d5 e5 4. Nc3 d6 5. e4 Be7 6. h3 Nbd7 7. Be3 h5 8. Nf3 h4
9. Bd3 Nf8 10. Qd2 a6 11. a3 Ng6 12. b4 b6 13. Rb1 Bd7 14. Ng1 Nh7 15. Nge2 O-O
16. O-O Ng5 17. f3 Nh7 18. Rb3 Bg5 19. Rfb1 Qf6 20. bxc5 bxc5 21. Kh2 Bf4+ 22.
Nxf4 exf4 23. Bf2 Ne5 24. Ne2 g5 25. Qc3 g4 26. hxg4 Ng5 27. Qc1 Ba4 28. Rc3
Ng6 29. Bc2 Bd7 30. Rcb3 Rfe8 31. Be1 Bxg4 32. fxg4 f3 33. gxf3 Nxf3+ 34. Kh1
Ng5 35. Kg1 Nxe4 36. Re3 Ng5 37. Bc3 Nf3+ 38. Kh1 Nd4 39. Bf5 h3 40. Qd2 Rxe3
41. Qxe3 Nxf5 42. gxf5 Qxf5 43. Rg1 Rb8 44. Ng3 Qc2 45. Nh5 Kf8 46. Nf6 Qf5 47.
Re1 Ne5 48. Bxe5 dxe5 49. Qxc5+ Kg7 50. Rg1+ Kh8 51. Qe3 Qe4+ 52. Qxe4 1-0

[Event "Reykjavik Open 2010"]
[Site "Reykjavik City Hall"]
[Date "2010.02.27"]
[Round "5.11"]
[White "Gislason, Gudmundur"]
[Black "Grandelius, Nils"]
[Result "1/2-1/2"]
[WhiteElo "2382"]
[BlackElo "2515"]
[PlyCount "44"]
[EventDate "2010.02.24"]

1. d4 Nf6 2. Nf3 g6 3. c4 Bg7 4. Nc3 d5 5. cxd5 Nxd5 6. e4 Nxc3 7. bxc3 c5 8.
Rb1 O-O 9. Be2 cxd4 10. cxd4 Qa5+ 11. Bd2 Qxa2 12. O-O Bg4 13. Bc3 Rc8 14. Ra1
Qe6 15. d5 Qd6 16. Bxg7 Bxf3 17. Bxf3 Kxg7 18. Rxa7 Rxa7 19. Qd4+ e5 20. Qxa7
b5 21. Qb7 Rc5 22. h4 Qc7 1/2-1/2

[Event "Reykjavik Open 2010"]
[Site "Reykjavik City Hall"]
[Date "2010.02.27"]
[Round "5.12"]
[White "Hillarp Persson, Tiger"]
[Black "Thorfinnsson, Bragi"]
[Result "0-1"]
[WhiteElo "2581"]
[BlackElo "2398"]
[PlyCount "110"]
[EventDate "2010.02.24"]

1. e4 c5 2. Nf3 d6 3. d4 cxd4 4. Nxd4 Nf6 5. Nc3 a6 6. Be3 e5 7. Nb3 Be6 8. Qd2
Be7 9. O-O-O O-O 10. f4 Ng4 11. g3 Nxe3 12. Qxe3 Nd7 13. Kb1 b5 14. h4 b4 15.
Nd5 Bxd5 16. Rxd5 Qc7 17. Bd3 a5 18. Nd2 Rfb8 19. h5 a4 20. Nc4 a3 21. b3 Nf6
22. fxe5 dxe5 23. Qf3 Nxd5 24. exd5 Ra6 25. Qe4 Rh6 26. g4 Qc5 27. Qxe5 Rd8 28.
Re1 Bf8 29. Rd1 Qe7 30. Qd4 Qf6 31. Qe4 Rc8 32. Qf5 Qxf5 33. Bxf5 Rd8 34. c3
Rf6 35. cxb4 g6 36. Be4 Bxb4 37. Bh1 Rf2 38. d6 Bxd6 39. hxg6 hxg6 40. Nxd6 Rf6
41. Kc2 Rfxd6 42. Rxd6 Rxd6 43. b4 Kf8 44. Kb3 Rd3+ 45. Kc4 Rg3 46. b5 Ke7 47.
b6 Kd7 48. Kb4 Rxg4+ 49. Kxa3 Kd6 50. b7 Kc7 51. Kb3 Rg1 52. Bd5 f5 53. Kc3 Rb1
54. Bf7 g5 55. Bg6 Rf1 0-1

[Event "Reykjavik Open 2010"]
[Site "Reykjavik City Hall"]
[Date "2010.02.27"]
[Round "5.15"]
[White "Thorfinnsson, Bjorn"]
[Black "Kveinys, Aloyzas"]
[Result "0-1"]
[WhiteElo "2383"]
[BlackElo "2536"]
[PlyCount "48"]
[EventDate "2010.02.24"]

1. d4 Nf6 2. c4 e6 3. Nc3 Bb4 4. e3 c5 5. Nf3 O-O 6. Bd3 d5 7. O-O cxd4 8. exd4
dxc4 9. Bxc4 Nbd7 10. a3 Bxc3 11. bxc3 Qc7 12. Qd3 b6 13. Bb2 Bb7 14. Ba2 Rfd8
15. Rfe1 Nc5 16. Qe2 Bxf3 17. Qxf3 Na4 18. Bc1 Qxc3 19. Be3 Rac8 20. g4 Qc6 21.
Qh3 Nc3 22. Rac1 Qb5 23. g5 Nfd5 24. Bb1 Nxb1 0-1

[Event "Reykjavik Open 2010"]
[Site "Reykjavik City Hall"]
[Date "2010.02.27"]
[Round "5.16"]
[White "Zaremba, Andrie"]
[Black "Galego, Luis"]
[Result "0-1"]
[WhiteElo "2360"]
[BlackElo "2487"]
[PlyCount "78"]
[EventDate "2010.02.24"]

1. d4 Nf6 2. Nf3 d6 3. g3 Nbd7 4. Bg2 e5 5. dxe5 dxe5 6. O-O c6 7. a4 Bc5 8. c3
a5 9. Na3 O-O 10. Nc4 Qe7 11. Be3 Bxe3 12. Nxe3 Nb6 13. Nd2 Be6 14. Qc2 Rfd8
15. Rfd1 g6 16. Ndf1 Nfd7 17. b4 axb4 18. cxb4 Qxb4 19. Rdb1 Qa5 20. Nd2 Nc5
21. Ne4 Nxe4 22. Bxe4 Rd2 23. Qc1 Rxe2 24. Bf3 Ra2 25. Rxa2 Bxa2 26. Rb2 Be6
27. Qb1 Nxa4 28. Rxb7 Nc3 29. Rb8+ Rxb8 30. Qxb8+ Kg7 31. Bxc6 Qa1+ 32. Kg2 Ne2
33. Nf1 h5 34. Qd6 Bh3+ 35. Kxh3 Qxf1+ 36. Kh4 Qxf2 37. Qxe5+ Kh7 38. h3 Nxg3
39. Bd5 Ne4+ 0-1

[Event "Reykjavik Open 2010"]
[Site "Reykjavik City Hall"]
[Date "2010.02.27"]
[Round "5.17"]
[White "Westerinen, Heikki M J"]
[Black "Cori, Jorge"]
[Result "0-1"]
[WhiteElo "2333"]
[BlackElo "2483"]
[PlyCount "76"]
[EventDate "2010.02.24"]

1. e4 e6 2. d4 d5 3. Nc3 Bb4 4. Nge2 Nf6 5. e5 Ne4 6. Qd3 Nxc3 7. Nxc3 O-O 8.
a3 Be7 9. Qh3 f5 10. Be3 c5 11. dxc5 Nd7 12. f4 Nxc5 13. O-O-O a6 14. g4 Ne4
15. Nxe4 fxe4 16. Bc4 Qc7 17. Bb3 Bd7 18. Qg3 Bb5 19. Kb1 Be2 20. Rd2 Bf3 21.
Re1 Rad8 22. f5 Kh8 23. fxe6 Qc6 24. g5 Qxe6 25. g6 hxg6 26. Bg5 Bxg5 27. Qxg5
b5 28. Re3 Rd7 29. Qh4+ Kg8 30. Qe1 Qxe5 31. Rc3 Kh7 32. Qh4+ Bh5 33. Rc5 Qf4
34. Qe1 Qf1 35. Qxf1 Rxf1+ 36. Ka2 e3 37. Rdxd5 Rxd5 38. Rxd5 e2 0-1

[Event "Reykjavik Open 2010"]
[Site "Reykjavik City Hall"]
[Date "2010.02.27"]
[Round "5.18"]
[White "Bjornsson, Sigurbjorn"]
[Black "Grover, Sahaj"]
[Result "0-1"]
[WhiteElo "2317"]
[BlackElo "2448"]
[PlyCount "80"]
[EventDate "2010.02.24"]

1. e4 e5 2. Nf3 Nc6 3. Bb5 a6 4. Ba4 Nf6 5. O-O Bc5 6. d3 b5 7. Bb3 d6 8. c3
O-O 9. Be3 Bb7 10. a4 Qe7 11. Na3 Bxe3 12. fxe3 b4 13. Nc4 bxc3 14. bxc3 d5 15.
exd5 Nxd5 16. Qc2 Rad8 17. Rad1 Kh8 18. e4 Nb6 19. Nxb6 cxb6 20. Qf2 b5 21.
axb5 axb5 22. Qb6 Ba8 23. Bd5 Rb8 24. Qa6 Rfc8 25. Rb1 Qc5+ 26. Kh1 f6 27. Rfc1
Qe3 28. d4 Nxd4 29. Re1 Qxc3 30. Nxd4 exd4 31. Bxa8 Rxa8 32. Qxb5 d3 33. Rbd1
d2 34. Rf1 h6 35. Qd7 Rd8 36. Qe7 Qe3 37. h3 Re8 38. Qf7 Rad8 39. Rxf6 Rxe4 40.
Rg6 Qc3 0-1

[Event "Reykjavik Open 2010"]
[Site "Reykjavik City Hall"]
[Date "2010.02.27"]
[Round "5.19"]
[White "Gunnarsson, Jon Viktor"]
[Black "Thompson, Ian D"]
[Result "1-0"]
[WhiteElo "2429"]
[BlackElo "2266"]
[PlyCount "81"]
[EventDate "2010.02.24"]

1. e4 e6 2. Nf3 d5 3. Nc3 Nf6 4. e5 Nfd7 5. d4 c5 6. dxc5 Nc6 7. Bf4 Bxc5 8.
Bd3 a6 9. Qe2 Be7 10. h4 h6 11. Rh3 b5 12. h5 Nc5 13. a3 b4 14. axb4 Nxd3+ 15.
cxd3 Rb8 16. b5 axb5 17. Rg3 Kf8 18. d4 b4 19. Nb5 Qb6 20. Nd6 Nxd4 21. Nxd4
Qxd4 22. Qg4 Rh7 23. Rc1 Bxd6 24. exd6 Bd7 25. b3 Ra8 26. Bd2 Qe5+ 27. Re3 Qh2
28. Rh3 Qe5+ 29. Kf1 d4 30. Kg1 Qxd6 31. Qe4 Ra2 32. Bf4 e5 33. Bxe5 Qe6 34.
Rg3 Kg8 35. Qxd4 f6 36. Bxf6 Ra6 37. Bxg7 Kf7 38. Rf3+ Ke7 39. Qh4+ Kd6 40.
Qxb4+ Kd5 41. Rd3# 1-0

[Event "Reykjavik Open 2010"]
[Site "Reykjavik City Hall"]
[Date "2010.02.27"]
[Round "5.20"]
[White "Thorhallsson, Throstur"]
[Black "Ingvason, Johann"]
[Result "1-0"]
[WhiteElo "2426"]
[BlackElo "2132"]
[PlyCount "83"]
[EventDate "2010.02.24"]

1. e4 e6 2. d4 d5 3. Nc3 Bb4 4. e5 c5 5. Bd2 Ne7 6. f4 O-O 7. Nf3 Nbc6 8. Nb5
Bxd2+ 9. Qxd2 a6 10. Nd6 Nxd4 11. Nxd4 cxd4 12. Qxd4 Nc6 13. Qe3 d4 14. Qd2 f6
15. O-O-O fxe5 16. fxe5 Bd7 17. Bc4 Nxe5 18. Bb3 d3 19. Rhe1 Qf6 20. Ne4 Qe7
21. Qg5 Qxg5+ 22. Nxg5 Nf7 23. Rxd3 Nxg5 24. Rxd7 Rf4 25. Rxb7 Re8 26. g3 Rf6
27. Rb6 Kf7 28. h4 Nf3 29. Re4 a5 30. Ra6 h6 31. Rxa5 Kg6 32. h5+ Kh7 33. Rf4
e5 34. Rxf6 gxf6 35. Ra7+ Kh8 36. Bd5 Nd4 37. g4 Nb5 38. Ra8 Rxa8 39. Bxa8 Kg7
40. a4 Nc7 41. Bb7 Kf8 42. c4 1-0

[Event "Reykjavik Open 2010"]
[Site "Reykjavik City Hall"]
[Date "2010.02.27"]
[Round "5.21"]
[White "Halldorsson, Jon Arni"]
[Black "Lenderman, Alex"]
[Result "0-1"]
[WhiteElo "2189"]
[BlackElo "2560"]
[PlyCount "68"]
[EventDate "2010.02.24"]

1. d4 d5 2. c4 c6 3. cxd5 cxd5 4. Nc3 Nf6 5. Nf3 a6 6. Bf4 Nc6 7. e3 Bg4 8. Be2
Rc8 9. Ne5 Bxe2 10. Qxe2 e6 11. O-O Be7 12. Rfc1 O-O 13. Nxc6 Rxc6 14. Na4 Qd7
15. Qd1 Rfc8 16. Nc3 Qd8 17. Ne2 Qb6 18. Rxc6 Rxc6 19. Rb1 Nd7 20. Qd2 Qb5 21.
f3 Nb6 22. e4 dxe4 23. fxe4 Qc4 24. Nc3 Bb4 25. a3 Bf8 26. Rc1 h6 27. Nd1 Qb3
28. Rxc6 bxc6 29. Ne3 Na4 30. Qd1 Qb5 31. b3 Nc3 32. a4 Qb4 33. Qd3 Qxd4 34.
Qxa6 g5 0-1

[Event "Reykjavik Open 2010"]
[Site "Reykjavik City Hall"]
[Date "2010.02.27"]
[Round "5.23"]
[White "Arngrimsson, Dagur"]
[Black "Bjarnason, Saevar"]
[Result "1-0"]
[WhiteElo "2383"]
[BlackElo "2164"]
[PlyCount "61"]
[EventDate "2010.02.24"]

1. e4 c6 2. d4 d5 3. exd5 cxd5 4. c4 Nf6 5. Nc3 e6 6. cxd5 Nxd5 7. Nf3 Nc6 8.
Bd3 Bb4 9. Bd2 O-O 10. O-O Nf6 11. Bg5 h6 12. Bh4 Be7 13. Rc1 b6 14. Bb1 Bb7
15. a3 Rc8 16. Qd3 g6 17. Rfe1 Qd7 18. Bc2 Kg7 19. Rcd1 Rfd8 20. Qe2 Qe8 21.
Qe3 b5 22. Bxf6+ Bxf6 23. Ne4 Qe7 24. Nc5 Ba8 25. b4 Rd6 26. Qf4 Rcd8 27. d5
Bg5 28. Qg4 Nb8 29. Nxg5 Qxg5 30. Qd4+ Kh7 31. Ne4 1-0

[Event "Reykjavik Open 2010"]
[Site "Reykjavik City Hall"]
[Date "2010.02.27"]
[Round "5.24"]
[White "Ni, Viktorija"]
[Black "Ansell, Simon T"]
[Result "0-1"]
[WhiteElo "2162"]
[BlackElo "2381"]
[PlyCount "66"]
[EventDate "2010.02.24"]

1. d4 f5 2. g3 e6 3. Bg2 Nf6 4. c3 Be7 5. Qb3 d5 6. Nh3 O-O 7. Nf4 c5 8. dxc5
Na6 9. c4 Nxc5 10. Qc2 d4 11. b4 Na6 12. a3 e5 13. Nd5 Nxd5 14. Bxd5+ Kh8 15.
O-O Nc7 16. Bg2 a5 17. b5 Ne6 18. Rd1 a4 19. Nc3 Nc5 20. Nd5 Bd6 21. f4 Nb3 22.
Rb1 e4 23. Kh1 Be6 24. g4 Rc8 25. Rxb3 axb3 26. Qxb3 Bxd5 27. cxd5 Rc3 28. Qa4
Qh4 29. Bd2 Qf2 30. Rf1 Qxe2 31. Bxc3 dxc3 32. gxf5 c2 33. Qxe4 Qxf1+ 0-1

[Event "Reykjavik Open 2010"]
[Site "Reykjavik City Hall"]
[Date "2010.02.27"]
[Round "5.26"]
[White "Ocantos, Manuel"]
[Black "Olsen, Heini"]
[Result "1/2-1/2"]
[WhiteElo "2158"]
[BlackElo "2355"]
[PlyCount "76"]
[EventDate "2010.02.24"]

1. e4 e5 2. Nf3 Nc6 3. d4 exd4 4. Nxd4 Nf6 5. Nc3 Bb4 6. Nxc6 bxc6 7. Bd3 O-O
8. O-O d5 9. exd5 cxd5 10. Bg5 c6 11. Na4 h6 12. Bh4 Bd6 13. c4 Rb8 14. b3 Re8
15. Bg3 Bxg3 16. hxg3 Ng4 17. Re1 Ne5 18. cxd5 cxd5 19. Rc1 Bg4 20. Qd2 Qf6 21.
Nc3 d4 22. Nb5 Re7 23. Bf1 Rd8 24. Re4 d3 25. Rce1 h5 26. Nxa7 Rd5 27. f4 Qb6+
28. Kh2 Qxa7 29. Rxe5 Rexe5 30. Rxe5 Rxe5 31. fxe5 Bf5 32. a4 Qd4 33. a5 h4 34.
gxh4 Qxh4+ 35. Kg1 Qd4+ 36. Kh1 Qh4+ 37. Kg1 Qd4+ 38. Kh1 Qh4+ 1/2-1/2

[Event "Reykjavik Open 2010"]
[Site "Reykjavik City Hall"]
[Date "2010.02.27"]
[Round "5.28"]
[White "Johannesson, Ingvar Thor"]
[Black "Player, Edmund C"]
[Result "1/2-1/2"]
[WhiteElo "2330"]
[BlackElo "2156"]
[PlyCount "46"]
[EventDate "2010.02.24"]

1. c4 e5 2. g3 Nc6 3. Bg2 g6 4. Nc3 Bg7 5. d3 d6 6. Nf3 Nf6 7. O-O O-O 8. Rb1
Nh5 9. b4 Kh8 10. b5 Ne7 11. Nd2 f5 12. Qb3 f4 13. Ba3 Nf5 14. Nde4 Be6 15. Qa4
Nd4 16. c5 Nxe2+ 17. Nxe2 f3 18. Bh1 fxe2 19. Rfe1 dxc5 20. Nxc5 Bxa2 21. Rb2
Bd5 22. Bxd5 Qxd5 23. Rbxe2 Rf7 1/2-1/2

[Event "Reykjavik Open 2010"]
[Site "Reykjavik City Hall"]
[Date "2010.02.27"]
[Round "5.30"]
[White "Thorsteinsson, Erlingur"]
[Black "Ptacnikova, Lenka"]
[Result "0-1"]
[WhiteElo "2123"]
[BlackElo "2315"]
[PlyCount "68"]
[EventDate "2010.02.24"]

1. c3 Nf6 2. Qc2 d5 3. g3 g6 4. Bg2 Bg7 5. d3 c5 6. e4 Nc6 7. Ne2 O-O 8. O-O d4
9. c4 e5 10. a3 Ng4 11. h3 Nh6 12. Bd2 f6 13. b4 b6 14. Qc1 Nf7 15. Ra2 Be6 16.
Rb2 Rc8 17. Kh2 Nd6 18. b5 Ne7 19. Bh6 Bxh6 20. Qxh6 a6 21. bxa6 Ra8 22. f4
Rxa6 23. Ng1 Nef5 24. exf5 Nxf5 25. Qxf8+ Qxf8 26. fxe5 Qb8 27. Re2 fxe5 28.
Be4 Ne3 29. Rf6 Bf5 30. g4 Bxe4 31. dxe4 Nxc4 32. Ref2 Nd6 33. Nd2 Ra7 34. Ngf3
Rf7 0-1